000 00271nam a22001337a 4500
008 170309b xxu||||| |||| 00| 0 eng d
020 _a758996600451
041 _aeng
080 _a611
100 _a6
101 _aSHM
245 _aSYSTEMS STRUCTURE
942 _2udc
_cBK
999 _c7389
_d7389